[Event "Canadian op U2000"]
[Site "Kitchener"]
[Date "2006.07.21"]
[Round "7"]
[White "Faust, Steven"]
[Black "Thorvardson, Barry"]
[Result "1/2-1/2"]
[WhiteElo "1729"]
[BlackElo "1853"]
[PlyCount "159"]
[EventDate "2006.07.15"]
[EventType "swiss"]
[EventRounds "9"]
[EventCountry "CAN"]
[SourceTitle "CBM 113 Extra"]
[Source "ChessBase"]
[SourceDate "2006.09.14"]
[SourceVersion "1"]
[SourceVersionDate "2006.09.14"]
[SourceQuality "1"]

1. Nf3 g6 2. c4 Bg7 3. Nc3 b6 4. g3 Bb7 5. Bg2 c5 6. 0-0 e6 7. d4 cxd4 8. Nxd4 Bxg2 9. Kxg2 Ne7 10. Bg5 h6 11. Bxe7 Qxe7 12. e3 0-0 13. Rc1 Na6 14. b3 Rfd8 15. Qf3 Nc5 16. Rfd1 e5 17. Nd5 Qf8 18. Nb5 e4 19. Qe2 Nd3 20. Rc2 Be5 21. f3 a6 22. Nbc3 Bxc3 23. Rxc3 Rab8 24. fxe4 Ne5 25. Qf2 Rb7 26. Rf1 d6 27. h3 Rc8 28. Qd2 Kg7 29. Rc2 Qe8 30. Qd4 b5 31. Rfc1 bxc4 32. Rxc4 Rxc4 33. Rxc4 Qd8 34. Rc2 Qa5 35. Qc3 Qb5 36. Kf2 f5 37. Nc7 Qd7 38. exf5 Qxf5+ 39. Kg2 Qe4+ 40. Kh2 Kg8 41. Rf2 Rb8 42. Ne6 Ng4+ 43. hxg4 Qxe6 44. Qf6 Re8 45. Kg2 Kh7 46. Qc3 Re7 47. Rf8 Qd5+ 48. Kh2 Qe5 49. Qxe5 Rxe5 50. Ra8 a5 51. Kg2 Rc5 52. Kf3 Kg7 53. Ra6 Kf7 54. Rxd6 Rc2 55. a4 Rc5 56. Ke4 Rg5 57. Kf4 Rc5 58. Rb6 Rc7 59. e4 Rc3 60. e5 g5+ 61. Ke4 Rxg3 62. Rxh6 Rxg4+ 63. Kf5 Rg3 64. Ra6 g4 65. Rf6+ Ke7 66. Rg6 Rf3+ 67. Kxg4 Rxb3 68. Kf5 Rf3+ 69. Ke4 Ra3 70. Kd5 Rxa4 71. Rg7+ Kf8 72. Ra7 Ra1 73. Ke6 a4 74. Ra8+ Kg7 75. Ke7 a3 76. e6 a2 77. Ra7 Kg6 78. Ra5 Kh6 79. Ke8 Re1 80. Rxa2 1/2-1/2

[Event "Richmond Hill Pro Am"]
[Site "Richmond"]
[Date "2006.??.??"]
[Round "3"]
[White "Thorvardson, Barry"]
[Black "Zubac, Marius"]
[Result "0-1"]
[WhiteElo "2075"]
[BlackElo "2217"]
[PlyCount "74"]
[EventDate "2006.08.04"]
[EventType "tourn"]
[EventRounds "9"]
[EventCountry "CAN"]
[EventCategory "1"]
[SourceTitle "EXT 2008"]
[Source "ChessBase"]
[SourceDate "2007.11.25"]
[SourceVersion "1"]
[SourceVersionDate "2007.11.25"]
[SourceQuality "1"]

1. e4 c5 2. Nf3 Nc6 3. d4 cxd4 4. Nxd4 Nf6 5. Bc4 e6 6. Nxc6 bxc6 7. Qe2 d5 8. exd5 cxd5 9. Bb5+ Bd7 10. Bg5 Be7 11. c4 0-0 12. 0-0 Rb8 13. Rd1 Bxb5 14. cxb5 Ne4 15. Bf4 Bc5 16. Bxb8 Nxf2 17. Rf1 Ne4+ 18. Kh1 Qxb8 19. Nc3 f5 20. Rac1 Bd6 21. Nxe4 fxe4 22. Rxf8+ Qxf8 23. Rf1 Qe7 24. a4 Qh4 25. g4 d4 26. Qc2 h6 27. Rf2 d3 28. Qd2 Bc5 29. Rg2 Qf6 30. Qc1 Qd4 31. b4 Qxb4 32. g5 hxg5 33. Rxg5 d2 34. Qd1 e3 35. Qh5 Qe4+ 36. Rg2 e2 37. Qxe2 Qxe2 0-1

[Event "Canadian op"]
[Site "Kapuskasing"]
[Date "2004.07.10"]
[Round "1"]
[White "Doubleday, William G"]
[Black "Thorvardson, Barry"]
[Result "1-0"]
[WhiteElo "2086"]
[BlackElo "1945"]
[PlyCount "93"]
[EventDate "2004.07.10"]
[EventType "swiss"]
[EventRounds "10"]
[EventCountry "CAN"]
[SourceTitle "EXT 2022"]
[Source "ChessBase"]
[SourceDate "2021.10.06"]
[SourceVersion "1"]
[SourceVersionDate "2021.10.06"]
[SourceQuality "1"]

1. e4 c5 2. Nc3 e6 3. Nf3 a6 4. d4 cxd4 5. Nxd4 Bc5 6. Be3 Qb6 7. Na4 Qa5+ 8. c3 Ba7 9. b4 Qe5 10. Bd3 b5 11. Nc5 Bxc5 12. bxc5 Bb7 13. Ne2 Nf6 14. f3 Nc6 15. 0-0 Qc7 16. a4 b4 17. cxb4 Nxb4 18. Rb1 a5 19. Nc3 Nxd3 20. Nb5 Qc6 21. Nd6+ Ke7 22. Rb6 Qxb6 23. cxb6 Kxd6 24. Qxd3+ Ke7 25. Bc5+ Kd8 26. Qd6 Ne8 27. Qe7+ Kc8 28. Qxf7 Bc6 29. Bf8 Kb7 30. Bxg7 Nxg7 31. Qxg7 Bxa4 32. Qe5 Rhc8 33. Ra1 Bb3 34. Rxa5 Rc1+ 35. Kf2 Rc2+ 36. Ke3 Rxa5 37. Qxa5 Ra2 38. Qc3 Rc2 39. Qxb3 Rc6 40. Qb5 d6 41. h4 e5 42. g4 Rxb6 43. Qd7+ Ka6 44. Qxh7 Rb3+ 45. Kf2 Kb6 46. Qg6 Rb2+ 47. Kg3 1-0

[Event "Canada Day op"]
[Site "Toronto"]
[Date "2001.07.01"]
[Round "4"]
[White "Southam, David"]
[Black "Thorvardson, Barry"]
[Result "0-1"]
[WhiteElo "2094"]
[BlackElo "2037"]
[PlyCount "72"]
[EventDate "2001.06.??"]
[EventType "swiss"]
[EventRounds "5"]
[EventCountry "CAN"]
[SourceTitle "EXT 2005"]
[Source "ChessBase"]
[SourceDate "2004.11.15"]
[SourceVersion "1"]
[SourceVersionDate "2004.11.15"]
[SourceQuality "1"]

1. d4 Nf6 2. c4 e5 3. dxe5 Ng4 4. e4 Bb4+ 5. Bd2 Bxd2+ 6. Qxd2 Nxe5 7. Nc3 d6 8. f4 Nec6 9. 0-0-0 0-0 10. h3 a5 11. g4 a4 12. Nf3 Na5 13. f5 Nd7 14. e5 Nc5 15. Kb1 Bd7 16. exd6 Bc6 17. Qf4 cxd6 18. a3 Re8 19. Rh2 Ne4 20. Nxe4 Rxe4 21. Qc1 Nb3 22. Qc3 Qb6 23. Nd2 Re3 24. c5 Qxc5 25. Qxc5 dxc5 26. Nxb3 axb3 27. Rhd2 Kf8 28. Re2 Rae8 29. Rde1 Rxe2 30. Rxe2 Rd8 31. Kc1 Bb5 32. Re1 Bxf1 33. Rxf1 Rd3 34. Rd1 Rxd1+ 35. Kxd1 b5 36. Kd2 Ke7 0-1